[Event "7th ch-Euro w"]
[Site "Kusadasi TUR"]
[Date "2006.04.15"]
[Round "11"]
[White "Przezdziecka,M"]
[Black "Danielian,E"]
[Result "1-0"]
[WhiteElo "2202"]
[BlackElo "2423"]

1.d4 d5 2.Nf3 Nf6 3.c4 c6 4.Qc2 dxc4 5.e4 b5 6.b3 cxb3 7.axb3 e6 8.Bd2 b4
9.Bd3 Be7 10.O-O Bb7 11.Be3 a5 12.Nbd2 Nbd7 13.Nc4 c5 14.Rfd1 Qc7 15.dxc5 O-O
16.Nd4 Ng4 17.c6 Bxc6 18.Nxc6 Qxc6 19.Bd4 e5 20.h3 exd4 21.hxg4 Nc5 22.e5 a4
23.bxa4 b3 24.Qb1 g6 25.a5 Qe6 26.Nb6 Ra7 27.Bc4 Qxe5 28.Bxb3 Bd6 29.g3 Rb8
30.Bc4 Bc7 31.Qb2 Qg5 32.Qxd4 Qe5 33.Qxe5 Bxe5 34.Ra2 Bc3 35.Nd5 Bxa5 36.Rda1 Rba8
37.Nf6+ Kg7 38.Bd5 Kxf6 39.Bxa8 Rxa8 40.Rxa5 Rxa5 41.Rxa5 Ne6 42.Kg2 h6 43.Kf3 Ng5+
44.Ke3 Ne6 45.f4 Ng7 46.Ke4 Ne6 47.Rb5 Kg7 48.Ke5 Nf8 49.Rb7 Nh7 50.f5 gxf5
51.gxf5 Nf6 52.Ra7 Ng4+ 53.Kf4 Nf6 54.Ra4 Nh7 55.Ke5 Nf6 56.Rh4 Nd7+ 57.Kd6 Nf6
58.Rd4 Ne8+ 59.Ke7 Nf6 60.Kd6 Nh7 61.Ke5 Nf6 62.g4 Nh7 63.Rd6 Ng5 64.Ra6 Nf3+
65.Kf4 Ng5 66.Ra3 Nh7 67.Rh3 Ng5 68.Rh1 Nh7 69.Ra1 Ng5 70.Kg3 Ne4+ 71.Kh4 Ng5
72.Ra6 Ne4 73.Rb6 Nf6 74.g5 hxg5+ 75.Kxg5 Nh7+ 76.Kf4 Nf6 77.Ra6 Nh7 78.Ke5 Nf8
79.Rd6 Nh7 80.f6+ Kg6 81.Rd1 Nf8 82.Rg1+ Kh6 83.Kf5 Kh7 84.Rg7+ Kh8 85.Rxf7 Kg8
86.Ra7 Kh8 87.Ra8 Kg8 88.Rb8 Kf7 89.Rb7+ Kg8 90.Rg7+ Kh8 91.Rg1 Kh7 92.f7 Nd7
93.Rg8  1-0

[Event "LII Nacional Abierto"]
[Site "Mexico City MEX"]
[Date "2006.04.15"]
[Round "7"]
[White "Szmetan,R"]
[Black "Falcon Perez,G"]
[Result "1-0"]
[WhiteElo "2311"]
[BlackElo "2211"]

1.d4 d5 2.Nf3 Nf6 3.c4 c6 4.Qb3 Nbd7 5.cxd5 cxd5 6.Nc3 e6 7.Bf4 Nh5 8.Bd2 a6
9.e3 b5 10.Nxd5 Bb7 11.Nc3 Bd6 12.Be2 O-O 13.O-O Nhf6 14.Rac1 Nb6 15.a3 Rb8
16.Qc2 Rc8 17.Qb1 Nc4 18.Rfd1 Qc7 19.h3 Qb6 20.Be1 Bb8 21.e4 Rfd8 22.e5 Nd5
23.Ng5 g6 24.Bf3 h6 25.Bxd5 Bxd5 26.Nxd5 exd5 27.Nf3 Kg7 28.Bb4 Qe6 29.b3 Nb6
30.Rxc8 Rxc8 31.Rc1 f6 32.exf6+ Kxf6 33.Bc5 Nd7 34.Be7+ Kxe7 35.Rxc8 Bd6
36.Rc1 Kf7 37.Re1 Qf6 38.Qc1 g5 39.Qc8 Nf8 40.Ne5+ Kg7 41.Qb7+ Kg8 42.Qxd5+ Qe6
43.Qxe6+ Nxe6 44.Nc6 Nf4 45.b4 Kf7 46.Ne5+ Kf6 47.Nd7+  1-0

[Event "Jack Speigel Mem"]
[Site "Southend ENG"]
[Date "2006.04.15"]
[Round "3"]
[White "Gormally,D"]
[Black "Ledger,A"]
[Result "1-0"]
[WhiteElo "2554"]
[BlackElo "2430"]

1.d4 Nf6 2.c4 c6 3.Nf3 d5 4.Qc2 dxc4 5.Qxc4 Bf5 6.g3 Nbd7 7.Nc3 e6 8.Bg2 Be7
9.Qb3 Qb6 10.Nd2 Qxb3 11.axb3 O-O 12.Nc4 Bb4 13.Bf4 Ne4 14.Rc1 g5 15.Be3 h6
16.f3 Nxc3 17.bxc3 Be7 18.Bd2 Bg6 19.e4 Rac8 20.Ra1 a6 21.O-O b5 22.Ne3 Nb8
23.f4 gxf4 24.gxf4 f5 25.Bh3 Rcd8 26.b4 Kh7 27.exf5 exf5 28.Rae1 Bd6 29.Ng2 Rf6
30.Nh4 Nd7 31.Kf2 Rdf8 32.Rg1 Bh5 33.Ra1 Bg4 34.Bf1 Nb8 35.Bd3 Bh5 36.Rg3 R6f7
37.Rag1 Rf6 38.Nxf5 Kh8 39.Nxd6 Rxd6 40.Rh3 Bf7 41.f5  1-0

[Event "TCh-HUN 2005-6"]
[Site "Hungary HUN"]
[Date "2006.04.23"]
[Round "11"]
[White "Kahn,E"]
[Black "Pataki,G"]
[Result "1/2-1/2"]
[WhiteElo "2289"]
[BlackElo "2375"]

1.d4 d5 2.c4 c6 3.Nf3 Nf6 4.Qb3 dxc4 5.Qxc4 Bf5 6.Nc3 e6 7.Bg5 Be7 8.e3 Nbd7
9.Be2 h6 10.Bh4 O-O 11.O-O Re8 12.Rac1 Rc8 13.Rfd1 Nd5  1/2-1/2

[Event "VII TCh-RUS w"]
[Site "Sochi RUS"]
[Date "2006.04.24"]
[Round "5"]
[White "Meleshko,T"]
[Black "Nebolsina,V"]
[Result "0-1"]
[WhiteElo "2126"]
[BlackElo "2274"]

1.d4 d5 2.c4 c6 3.Qc2 Nf6 4.Nf3 dxc4 5.Qxc4 Bf5 6.g3 e6 7.Bg2 Nbd7 8.O-O Be7
9.Nc3 O-O 10.Re1 Ne4 11.e3 Nxc3 12.bxc3 Be4 13.Nd2 Bxg2 14.Kxg2 c5 15.Ne4 Rc8
16.Qb3 Qc7 17.Ba3 Qc6 18.f3 Qa6 19.Bb2 Rc6 20.Nd2 Nb6 21.Rab1 Qd3 22.Ne4 Nd5
23.Nf2 Nxe3+ 24.Kg1 Qf5 25.Bc1 Rb6 26.Qxb6 axb6 27.Bxe3 Qxf3 28.Rxb6 h5 29.Nd3 cxd4
30.cxd4 Ra8 31.Rb2 Ra3 32.Ne5 Qd5 33.Reb1 Rxe3 34.Rxb7 Re2  0-1

[Event "XIII TCh-RUS 1st League"]
[Site "Sochi RUS"]
[Date "2006.04.26"]
[Round "7"]
[White "Burmakin,V"]
[Black "Pokazanjev,N"]
[Result "1/2-1/2"]
[WhiteElo "2541"]
[BlackElo "2479"]

1.d4 d5 2.c4 c6 3.Nf3 Nf6 4.Qb3 Qb6 5.Nc3 Bf5 6.cxd5 Qxb3 7.axb3 Nxd5 8.Nxd5 cxd5
9.e3 Nc6 10.Bd2 f6 11.b4 e6 12.Bb5 Kd8 13.Bxc6 bxc6 14.Ke2 Kd7 15.Ra6 Bd6
16.Rha1 Bb8 17.Bc3 Bg4 18.h3 Bxf3+ 19.Kxf3 Rc8 20.R1a5 Bc7 21.Rxa7 Rxa7 22.Rxa7 Rb8
23.Kg4 Kc8 24.Ra6 Bb6 25.h4 Kb7 26.Ra3 g6 27.h5 Rg8 28.g3 g5 29.Ra1 f5+ 30.Kf3 g4+
31.Ke2 Rg5 32.Rh1 Ka6 33.Kd3 Kb5 34.Ra1 Rxh5 35.Ra8 Rh6 36.Re8 Bc7 37.Re7 Bd8
38.Rd7 Bb6 39.Ke2 Rh1 40.Re7 Rh6 41.Kf1 Bd8 42.Rd7 Bb6 43.Kg2 Rf6 44.Rxh7 Rg6
45.Rd7 Rh6 46.Bd2 Rg6 47.Rh7 Kc4 48.Be1 Kb5 49.Rd7 Ka6 50.Bc3 Kb5 51.Bd2 Kc4
52.Rb7 Kb5 53.Rb8 Rg7 54.Be1 Rg6 55.Kf1 Rg7 56.Ke2 Rg6 57.Rh8 Bc7 58.Rh7 Bb6
59.Rd7 Rg8 60.f3 gxf3+ 61.Kxf3 Rg6 62.Rh7 Bd8 63.Rd7 Bb6 64.Bd2 Rg4 65.Re7 Re4
66.b3 Bd8 67.Rd7 Bb6 68.Re7 Bd8 69.Rg7 Bb6 70.Rh7 Bd8 71.Rh8 Be7 72.Rg8 Bd6
73.Rg7 Kb6 74.Bc3 Bf8 75.Rg8 Bd6 76.Bd2 Bc7 77.Rg6 Bd6 78.Rg7 Bf8 79.Rd7 Bh6
80.Rd8 Bg5 81.Rb8+ Kc7 82.Rg8 Be7 83.Rg7 Kd8 84.b5 cxb5 85.Ba5+ Ke8 86.Rg8+ Kf7
87.Rb8 Bg5 88.Rb7+ Kg6 89.Bd2 e5 90.dxe5 d4 91.Rxb5 dxe3 92.Be1 e2 93.b4 Re3+
94.Kf2 f4 95.gxf4 Bxf4 96.Rc5 Rxe5 97.Rc3 Kf5 98.Rb3 Bg5 99.Kf3 Bd8  1/2-1/2

[Event "WSB Masters"]
[Site "Wroclaw POL"]
[Date "2006.04.28"]
[Round "2"]
[White "Swicarz,M"]
[Black "Lubczynski,R"]
[Result "0-1"]
[WhiteElo "2273"]
[BlackElo "2319"]

1.Nf3 d5 2.d4 Nf6 3.c4 c6 4.Qc2 g6 5.g3 Bg7 6.Bg2 O-O 7.O-O Bf5 8.Qb3 Qb6
9.Qxb6 axb6 10.Nbd2 Ne4 11.cxd5 cxd5 12.Nb3 Nc6 13.Bf4 Ra4 14.a3 b5 15.Rfc1 Rc4
16.e3 b4 17.axb4 Rxb4 18.Ra3 f6 19.g4 Bxg4 20.Ne1 Be2 21.Bc7 f5 22.f3 Ng5
23.Rc3 Ne6 24.Ba5 Rb5 25.Nc5 Nexd4 26.Bc7 Bc4 27.Rxc4 dxc4 28.Na4 Ne6 29.Bg3 Ra8
30.Bf1 Rb4 31.Nc3 Rxa3 32.bxa3 Bxc3 33.axb4 b5 34.Nc2 Bxb4 35.Kf2 Bc5 36.Ke1 g5
37.Bh3 Ng7 38.Kd2 e5 39.Kc3 Kf7 40.Be1 Kf6 41.Bf1 Ne6 42.h4 h6 43.Kb2 Nc7
44.hxg5+ hxg5 45.Bc3 Nd5 46.Bd2 Nb6 47.Be1 b4 48.Be2 b3 49.Na1 Bxe3  0-1

[Event "Open B"]
[Site "Djakovo CRO"]
[Date "2006.04.30"]
[Round "1"]
[White "Sucic,Mihael"]
[Black "Kozarcanin,S"]
[Result "0-1"]
[WhiteElo "1898"]
[BlackElo "2232"]

1.d4 d5 2.c4 c6 3.Nd2 Nf6 4.Ngf3 Qa5 5.e3 dxc4 6.Bxc4 b5 7.Bd3 Bg4 8.O-O Nbd7
9.Ne4 e6 10.Bd2 Qb6 11.h3 Bh5 12.Ng3 Bg6 13.Bxg6 hxg6 14.Qc2 c5 15.dxc5 Bxc5
16.Ne4 O-O 17.Rac1 Be7 18.Nxf6+ Bxf6 19.Bc3 Rac8 20.Qd2 Nc5 21.Bxf6 gxf6
22.Rfd1 e5 23.Qd6 Rc6 24.Qd5 Rfc8 25.b3 Ne6 26.Qd2 e4 27.Rxc6 Rxc6 28.Nd4 Rd6
29.Qb2 b4 30.Rd2 Qd8 31.Qa1 Qd7 32.Qb2 a5 33.Kf1 Rd5 34.Ke2 Nc5 35.Qc2 Nd3
36.Qc6 Rxd4  0-1

[Event "3rd All-China Games"]
[Site "Suzhou CHN"]
[Date "2006.05.24"]
[Round "7"]
[White "Lin Ta"]
[Black "Wang Rui"]
[Result "1-0"]
[WhiteElo "2386"]
[BlackElo "2497"]

1.d4 d5 2.c4 c6 3.Nf3 Nf6 4.Qc2 e6 5.g3 Be7 6.Bg2 b6 7.Nbd2 Bb7 8.O-O Nbd7
9.e4 O-O 10.e5 Ne8 11.Rd1 Nc7 12.cxd5 exd5 13.Nf1 Re8 14.Ne3 Ne6 15.Ne1 Qc8
16.f4 Bb4 17.Nf3 c5 18.a3 cxd4 19.Qxc8 Rexc8 20.axb4 dxe3 21.Bxe3 Rc4 22.Bd2 d4
23.Rdc1 b5 24.b3 Rxc1+ 25.Rxc1 g6 26.Ne1 Bxg2 27.Kxg2 f6 28.exf6 Nxf6 29.Kf3 h5
30.Nd3 Re8 31.Rc6 Kg7 32.Ne5 Re7 33.h3 d3 34.Rd6 Ne8 35.Rxd3 Kh7 36.Be3 a6
37.Rd7 Rxd7 38.Nxd7 Kg7 39.Ke4 Kf7 40.Ke5 Ke7 41.Nb8 N6c7 42.Bb6 Kf7 43.Bxc7 Nxc7
44.Kd6 Ne6 45.Nxa6 Nd4 46.Kc5 Ne2 47.Kxb5 Nxg3 48.Kc5 Ne2 49.b5 Nxf4 50.Nc7 Ke7
51.Kc6 Nd3 52.b6 Ne5+ 53.Kd5 Nd7 54.b7 g5 55.Ne6 g4 56.h4 g3 57.Nf4 Nb8 58.Ke4 Kd6
59.Kf3 Kc7 60.Nxh5 g2 61.Kxg2 Nd7 62.Ng7 Kxb7 63.h5 Kc6 64.h6 Nf8 65.Kf3 Kd6
66.Kf4 Ke7 67.Kf5 Kf7 68.Ne6 Nxe6 69.h7 Nd4+ 70.Ke4  1-0

[Event "3rd All-China Games"]
[Site "Suzhou CHN"]
[Date "2006.05.25"]
[Round "10"]
[White "Lin Ta"]
[Black "Chen Fan"]
[Result "1/2-1/2"]
[WhiteElo "2386"]
[BlackElo "2354"]

1.d4 d5 2.c4 c6 3.Nf3 Nf6 4.Qc2 g6 5.e3 Bg7 6.Bd3 O-O 7.Nbd2 Bg4 8.h3 Bxf3
9.Nxf3 e6 10.O-O Nbd7 11.b3 c5 12.Bb2 Rc8 13.Rfd1 b5 14.dxc5 bxc4 15.bxc4 Nxc5
16.Bf1 Qa5 17.cxd5 Na4 18.Qe2 Nxb2 19.Qxb2 Nxd5 20.Nd4 Rfd8 21.Rac1 Nc3 22.Rd3 Bxd4
23.Rxd4 Rxd4 24.exd4 Rc7 25.Rc2 Nd5 26.Rxc7 Qxc7 27.g3 Qb6 28.Qd2 Qb4 29.Qd3 Qc3
30.Qd1 Nb4 31.Qa4 Nc6 32.h4 a5 33.h5 Kg7 34.Qb5 Nxd4 35.Qe5+ f6 36.Qd6 gxh5
37.Qe7+ Kg6 38.Qe8+ Kg7 39.Qe7+ Kg6 40.Qe8+ Kg7 41.Qe7+  1/2-1/2

[Event "9th L.Kaplun Mem"]
[Site "Ternopil UKR"]
[Date "2006.05.27"]
[Round "6"]
[White "Skalski,M"]
[Black "Privalov,Y"]
[Result "1-0"]
[WhiteElo "2327"]
[BlackElo "2271"]

1.d4 d5 2.c4 c6 3.Nf3 Nf6 4.Qc2 g6 5.Bf4 Bg7 6.e3 O-O 7.Nc3 Bf5 8.Qb3 Qb6
9.h3 Nbd7 10.Be2 dxc4 11.Bxc4 Qxb3 12.Bxb3 Ne4 13.g4 Nxc3 14.gxf5 Nd5 15.fxg6 hxg6
16.Bh2 a5 17.a3 a4 18.Ba2 Ra5 19.O-O Rb5 20.Rab1 Re8 21.Nd2 e5 22.Nc4 Re6
23.e4 Nf4 24.Bxf4 exf4 25.e5 Rd5 26.Rfd1 Bf8 27.Nd2 Rxd4 28.Bxe6 fxe6 29.Nf3 Rd5
30.Re1 Bg7 31.Re4 Nxe5 32.Ng5 Nd3 33.Nxe6 Bxb2 34.Nxf4 Nxf4 35.Rxf4 Rd2 36.Rxa4 Bd4
37.Ra8+ Kg7 38.Rxb7+ Kf6 39.Rf8+  1-0

[Event "White Nights Open"]
[Site "St Petersburg RUS"]
[Date "2006.06.01"]
[Round "9"]
[White "Rumiantseva,M"]
[Black "Meiling,Y"]
[Result "1/2-1/2"]
[WhiteElo "2017"]
[BlackElo "1974"]

1.d4 d5 2.c4 c6 3.Qc2 Nf6 4.Nf3 e6 5.g3 Be7 6.Bg2 O-O 7.O-O Nbd7 8.Nbd2 b6
9.e4 dxe4 10.Nxe4 Bb7 11.Ne5 Nxe4 12.Bxe4 Nf6 13.Bxc6 Qc7 14.Bxb7 Qxb7 15.Be3 Rac8
16.Qe2 Rfd8 17.Rfd1 Bd6 18.Rac1 Be7 19.a3 h6 20.b4 Rc7 21.Qb2 Ne4 22.b5 Bg5
23.f4 Bf6 24.Nc6 Rxc6 25.bxc6 Qxc6 26.Qg2 Be7 27.d5 exd5 28.cxd5 Qg6 29.Rc4 f5
30.Rc7 Bxa3 31.Rxa7 Qd6 32.Bd4 Bc5 33.Bxc5 Qxc5+ 34.Kf1 b5 35.Raa1 Rxd5 36.Rxd5 Qxd5
37.Qa2 Qc4+ 38.Ke1 Kf7 39.Qxc4+ bxc4 40.Ra5 Ke6 41.Ke2 h5 42.Ke3 Kf6 43.Ra6+ Kf7
44.Rc6 c3 45.Kd4 Ke7 46.Kd3 Kf7 47.Rc4 Ke6 48.Rc6+ Kf7 49.Kd4 Ke7 50.Ke5 Kd7  1/2-1/2

[Event "21st Schachtage"]
[Site "Hassloch GER"]
[Date "2006.06.04"]
[Round "4"]
[White "Dischinger,F"]
[Black "Rosner,J"]
[Result "1/2-1/2"]
[WhiteElo "2190"]
[BlackElo "2077"]

1.d4 d5 2.c4 c6 3.Nf3 Nf6 4.Qc2 dxc4 5.Qxc4 Bf5 6.Nc3 e6 7.g3 Nbd7 8.Bg2 Be7
9.O-O h6 10.a4 O-O 11.a5 Ne4 12.Nd2 Nxc3 13.bxc3 Rc8 14.Ba3 e5 15.Qb3 Bxa3
16.Rxa3 Qc7 17.e4 Be6 18.Qb2 Rfd8 19.Rb1 Rb8 20.Nf1 Nf6 21.Ne3 Ng4 22.Nxg4 Bxg4
23.Rb3 Bc8 24.Bf1 Qd6 25.Rb4 Qc7 26.Bg2 Qd6 27.Bf1 Qc7 28.Bg2  1/2-1/2

[Event "Lasker Mem A"]
[Site "Barlinek POL"]
[Date "2006.06.06"]
[Round "4"]
[White "Grabarczyk,M"]
[Black "Korneevets,A"]
[Result "1/2-1/2"]
[WhiteElo "2469"]
[BlackElo "2293"]

1.d4 d5 2.c4 c6 3.Nf3 Nf6 4.Qc2 g6 5.cxd5 cxd5 6.Bf4 Nc6 7.e3 Bg7 8.Nc3 O-O
9.Bb5 Bf5 10.Qa4 Bd7 11.h3 a6 12.Bxc6 Bxc6 13.Qb3 Qa5 14.O-O Nd7 15.Rfc1 Rfc8
16.Rc2 Bf8 17.Rac1 e6 18.Ne5 Nxe5 19.Bxe5 Rd8 20.Bf6 Rd7 21.a3 Bd6 22.Qa2 Rc7
23.Be5 Bxe5 24.dxe5 Rac8 25.b4 Qb6 26.Ne2 Bb5 27.Nd4 Rxc2 28.Rxc2 Bc4 29.Qb2 Qd8
30.Rc1 b5 31.Qd2 a5 32.f4 axb4 33.axb4 Ra8 34.Nc6 Qh4 35.Na5 Qg3 36.Qf2 Qxf2+
37.Kxf2 Kf8 38.g4 h6 39.Ra1 Ra6 40.Ra3 Rb6 41.h4 Ke7 42.Ke1 Kd7 43.Kd2 Kc7
44.Kc3 Rb8 45.Kd4 Kb6 46.Ra1 Rh8 47.Rg1 Rg8 48.Rg3 Rg7 49.Rg1 Rg8 50.Rg2 Bf1
51.Rg1  1/2-1/2

[Event "21st Schachtage"]
[Site "Hassloch GER"]
[Date "2006.06.06"]
[Round "7"]
[White "Kais,E"]
[Black "Otterstaetter,S"]
[Result "0-1"]
[WhiteElo "2060"]
[BlackElo "2227"]

1.d4 d5 2.Nf3 Nf6 3.c4 c6 4.Qb3 dxc4 5.Qxc4 Bf5 6.Nc3 e6 7.Bg5 Be7 8.g3 Nbd7
9.Bg2 O-O 10.O-O Re8 11.Rfd1 Bc2 12.Bxf6 gxf6 13.d5 cxd5 14.Qg4+ Kh8 15.Rd2 Rg8
16.Qh4 Bg6 17.e4 f5 18.Qf4  0-1

[Event "Lasker Mem A"]
[Site "Barlinek POL"]
[Date "2006.06.10"]
[Round "8"]
[White "Klim,K"]
[Black "Czaja,R"]
[Result "1/2-1/2"]
[WhiteElo "1940"]
[BlackElo "2144"]

1.d4 d5 2.c4 c6 3.Nd2 Nf6 4.Ngf3 e6 5.g3 Nbd7 6.Bg2 Bd6 7.O-O b6 8.e4 dxe4
9.Ng5 Bb7 10.Ngxe4 Be7 11.b3 O-O 12.Bb2 Qc7 13.Qc2 Rad8 14.Rad1 Rfe8 15.Nxf6+ Nxf6
16.Ne4 Rd7 17.Ng5 h6 18.Nf3 Rdd8 19.Rfe1 Nd7 20.Ne5 Bf6 21.Qe4 Ba8 22.Qe2 Bb7
23.Qe4 Rc8 24.Ba1 Ba8 25.Qg4 Nxe5 26.dxe5 Be7 27.Bc3 Bb7 28.Bd2 Kh8 29.Qf3 Bc5
30.Bxh6 gxh6 31.Qf6+ Kg8 32.Re4 Red8 33.Rg4+ Kf8 34.Qxh6+ Ke7 35.Qf6+ Ke8
36.Rg8+ Bf8 37.Rxf8+ Kxf8 38.Qh8+  1/2-1/2

[Event "Lasker Mem A"]
[Site "Barlinek POL"]
[Date "2006.06.10"]
[Round "8"]
[White "Kachur,A"]
[Black "Orzech,D"]
[Result "1-0"]
[WhiteElo "2261"]
[BlackElo "2346"]

1.d4 Nf6 2.Nf3 d5 3.c4 c6 4.Qc2 dxc4 5.Qxc4 Bf5 6.Nc3 e6 7.g3 Be7 8.Bg2 Nbd7
9.O-O O-O 10.e3 Qa5 11.Bd2 e5 12.e4 Be6 13.Qe2 Qc7 14.h3 Rad8 15.Rac1 Nb6
16.d5 Bd7 17.Be3 Qb8 18.Rfd1 Rfe8 19.a3 h6 20.g4 cxd5 21.exd5 e4 22.Nh2 Qe5
23.Bd4 Qf4 24.Be3 Qe5 25.Bd4 Qg5 26.Bxf6 Qxf6 27.Nxe4 Qg6 28.Nf3 Ba4 29.Rd4 Rxd5
30.Rxd5 Nxd5 31.Qc4 Nb6 32.Qd3 Rd8 33.Qe2 Qe6 34.Nc3 Qxe2 35.Nxe2 Bf6 36.Nc3 Bb3
37.Ne1 Rd7 38.Ne4 Bxb2 39.Rb1 Na4 40.Nc5 Nxc5 41.Rxb2 Rd1 42.Re2 Kf8 43.Kh2 Ra1
44.Re3 Bc4 45.Nc2 Rc1 46.Nd4 Rd1 47.Nf5 Be6 48.Ng3 Rd2 49.Kg1 b6 50.Ne4 Rd1+
51.Kh2 Nb3 52.f4 g6 53.f5 Bc4 54.Nf6 Nc5 55.h4 gxf5 56.Re8+ Kg7 57.g5 hxg5
58.hxg5 Be6 59.Rg8+  1-0

[Event "Masters"]
[Site "Las Vegas USA"]
[Date "2006.06.10"]
[Round "2"]
[White "Gokhale,C"]
[Black "Gonzalez,Ren"]
[Result "1/2-1/2"]
[WhiteElo "2368"]
[BlackElo "2470"]

1.d4 d5 2.c4 c6 3.Nf3 dxc4 4.a4 Nf6 5.Nc3 Bg4 6.Ne5 Bh5 7.g3 e6 8.Bg2 Bb4
9.O-O Nd5 10.Qc2 O-O 11.Nxc4 Nb6 12.Nxb6 axb6 13.Rd1 Na6 14.Kf1 Qe7 15.Qb3 Rfd8
16.Bf4 Rd7 17.Rd2 Rad8 18.Rad1 Ba5 19.h3 Kh8 20.Be4 f6 21.Bb1 Nb4 22.Qa3 c5
23.dxc5 bxc5 24.Rxd7 Rxd7 25.Qb3 e5 26.Be3 Bf7 27.Rxd7 Qxd7 28.Qd1 Qxh3+
29.Kg1 c4 30.Be4 Qc8 31.Nb5 Bg8 32.Nd6 Qd7 33.Bxb7 c3 34.bxc3 Na2 35.Qd3 Nxc3  1/2-1/2

[Event "10th Heraclion Open"]
[Site "Athens GRE"]
[Date "2006.06.15"]
[Round "6"]
[White "Papadopoulos,N"]
[Black "Skaperdas,K"]
[Result "1/2-1/2"]
[WhiteElo "2112"]
[BlackElo "2235"]

1.Nf3 d5 2.d4 Nf6 3.c4 c6 4.g3 Bf5 5.Bg2 e6 6.O-O h6 7.Nc3 Nbd7 8.b3 Bb4
9.Bb2 Qa5 10.Qc1 O-O 11.a3 Be7 12.Nd2 Rac8 13.b4 Qb6 14.c5 Qc7 15.f3 e5 16.dxe5 Nxe5
17.f4 Ned7 18.e4 dxe4 19.Ncxe4 Nxe4 20.Nxe4 Bxe4 21.Bxe4 Bf6 22.Qc2 Bxb2
23.Qxb2 Nf6 24.Bf3 Rfe8 25.Rfe1 Re7 26.Re5 Rxe5 27.fxe5 Nd7 28.e6 fxe6 29.Re1 Nf8
30.Bg4 Re8 31.Qd4 Qf7 32.Rf1 Qg6 33.Be2 Qg5 34.Qf2 Qe7 35.Bd3 Nd7 36.Qe3 Nf6
37.Bc4 Kh8 38.Qe5 Nh7 39.Rd1 Ng5 40.Kg2 Rd8 41.Rd6 Re8 42.Qe3 Qf6 43.h4 Nf7
44.Rxe6 Rxe6 45.Qxe6 Qxe6 46.Bxe6 Nd8 47.Bc4 g5 48.hxg5 hxg5 49.Kf3 Kg7 50.Ke4 Kf6
51.a4 a6 52.b5 axb5 53.axb5 Ne6 54.bxc6 bxc6 55.Bxe6 Kxe6 56.g4 Kf6  1/2-1/2

[Event "Open A"]
[Site "Balatonlelle HUN"]
[Date "2006.06.18"]
[Round "2"]
[White "Porat,M"]
[Black "Videki,S"]
[Result "0-1"]
[WhiteElo "1984"]
[BlackElo "2414"]

1.d4 d5 2.c4 dxc4 3.Nf3 c6 4.a4 Bg4 5.Ne5 Bh5 6.g3 f6 7.Nf3 e6 8.Bh3 Qd7
9.O-O Na6 10.Qc2 g5 11.Qe4 Nc7 12.Nbd2 Bg6 13.Qe3 h5 14.Nxc4 Bh6 15.Qb3 g4
16.Nh4 Be4 17.Bg2 Bxg2 18.Kxg2 O-O-O 19.Rd1 Ne7 20.e4 Bg5 21.Be3 Kb8 22.Na5 Na6
23.Rac1 Ka8 24.Kg1 Bxh4 25.gxh4 Ng6 26.Qd3 Nb8 27.d5 Ne5 28.Qc3 exd5 29.exd5 cxd5
30.Bf4 Nbc6 31.Nxc6 Nxc6 32.Qxf6 Rhf8 33.Qg5 Rf5 34.Qh6 Rdf8 35.Bg3 a6 36.Qe3 d4
37.Qd3 Qd5 38.Re1 Rf3 39.Qg6 Qf5 40.Rxc6 Rxg3+  0-1

[Event "ch-FIN"]
[Site "Helsinki FIN"]
[Date "2006.06.18"]
[Round "9"]
[White "Parkkinen,J"]
[Black "Karttunen,M"]
[Result "0-1"]
[WhiteElo "2218"]
[BlackElo "2431"]

1.Nf3 d5 2.d4 Nf6 3.c4 c6 4.Qc2 dxc4 5.Qxc4 Bg4 6.Nc3 Nbd7 7.e3 Bxf3 8.gxf3 e5
9.Qd3 exd4 10.Qxd4 Bc5 11.Qf4 O-O 12.Bd2 Qe7 13.Be2 Rfd8 14.O-O-O Ne5 15.Rhg1 Nd3+
16.Bxd3 Rxd3 17.Ne4 Nxe4 18.Qxe4 Rad8 19.Bc3 Rxd1+ 20.Rxd1 Rxd1+ 21.Kxd1 Qxe4
22.fxe4 Bd6 23.h3 f6 24.f4 Kf7 25.Ke2 Ke6 26.Kf3 c5 27.b3 b5 28.Bb2 Bc7 29.Bc3 Kf7
30.Bd2 Ke6 31.Bc3 g6 32.Bd2 h5 33.Bc3 a6 34.Bd2 Bd6 35.Bc3 Bc7 36.Bd2 a5
37.Bc3 a4 38.b4 cxb4 39.Bxb4 Bd6 40.Ba5 Ba3 41.Ke2 g5 42.Be1 Bd6 43.Bd2 Bc5
44.Be1 g4 45.hxg4 hxg4 46.Bc3 Ba3 47.Kf2 b4 48.Bd4 b3 49.axb3 axb3 50.Kg3 f5
51.exf5+ Kxf5 52.Bc3 Bc5 53.Kf2 Ke4 54.f5 Kxf5 55.Bb2 Bd6  0-1

[Event "III Muhamedzjanov Mem"]
[Site "Nabereshnye Chelny RUS"]
[Date "2006.06.18"]
[Round "11"]
[White "Akhmadeev,Vad"]
[Black "Kupreichik,V"]
[Result "1/2-1/2"]
[WhiteElo "2439"]
[BlackElo "2455"]

1.d4 d5 2.c4 dxc4 3.Nf3 c6 4.e3 Be6 5.a4 Nf6 6.Na3 Bd5 7.Nxc4 e6 8.Bd3 c5
9.O-O Nc6 10.Nce5 Bd6 11.Nxc6 Bxc6 12.dxc5 Bxc5 13.Ne5 O-O 14.Nxc6 bxc6 15.Qc2 Qe7
16.b3 h6 17.Bb2 Bd6 18.Rfd1 Rfd8 19.Qxc6 Nd5 20.Qc2 Rac8 21.Bc4 Qc7 22.g3 Be5
23.Rac1 a5 24.Qe2 Bxb2 25.Qxb2 Nb4 26.Rxd8+ Qxd8 27.Qa1 Rc7 28.Rd1 Rd7 29.Rxd7 Qxd7
30.Qe5 Qd1+ 31.Kg2 Nc2 32.Qxa5 Ne1+ 33.Kf1 Nf3+ 34.Kg2 Ne1+  1/2-1/2

[Event "IM"]
[Site "Balatonlelle HUN"]
[Date "2006.06.19"]
[Round "3"]
[White "Rombaldoni,D"]
[Black "Shanmugam,R"]
[Result "1-0"]
[WhiteElo "2322"]
[BlackElo "2156"]

1.d4 d5 2.c4 c6 3.Nf3 dxc4 4.e3 b5 5.a4 e6 6.axb5 cxb5 7.b3 Bb4+ 8.Bd2 Bxd2+
9.Nbxd2 a5 10.bxc4 b4 11.Ne5 Nf6 12.Be2 O-O 13.Bf3 Ra7 14.O-O Bb7 15.Bxb7 Rxb7
16.Qa4 Ra7 17.Rfb1 Ra6 18.f3 Nfd7 19.Nxd7 Nxd7 20.Qb5 Rb6 21.Qxa5 Qb8 22.Qa7 Nf6
23.Qxb8 Rfxb8 24.Ra5 Kf8 25.Rb3 Ke8 26.c5 Rb5 27.Ra4 Nd5 28.Nc4 Nc3 29.Ra7 Ne2+
30.Kf1 Nc1 31.Rb1 Nd3 32.Nd6+ Kf8 33.Nxb5 Rxb5 34.Ke2  1-0

[Event "20th Open"]
[Site "Pula CRO"]
[Date "2006.06.21"]
[Round "4"]
[White "Cvitan,O"]
[Black "Kantorik,M"]
[Result "1-0"]
[WhiteElo "2527"]
[BlackElo "2286"]

1.d4 d5 2.c4 c6 3.Nf3 dxc4 4.e3 b5 5.a4 e6 6.axb5 cxb5 7.b3 Bb4+ 8.Bd2 Bxd2+
9.Nbxd2 a5 10.bxc4 b4 11.Ne5 Nf6 12.Be2 O-O 13.Bf3 Ra6 14.O-O Qc7 15.Nb3 Nbd7
16.Nd3 Ra7 17.Nb2 a4 18.Nd2 a3 19.Nd3 Bb7 20.Nxb4 Rb8 21.Bxb7 Rbxb7 22.Nd3 e5
23.c5 Qc6 24.Nc4 exd4 25.exd4 a2 26.Qc2 Nf8 27.Rxa2 Rxa2 28.Qxa2 Qd5 29.Qa8 Rd7
30.Qxd5 Rxd5 31.Nde5 Rxd4 32.Nd6 Ne6 33.Ra1 h6 34.Ndxf7 Kh7 35.c6 Ne8 36.h3 N8c7
37.Rb1 g5 38.Nd7 Kg7 39.Nfe5 Rd2 40.Rb7 Rc2 41.Nb6 Kf6 42.Nbc4 h5 43.Rb8 Rc1+
44.Kh2 Rc2 45.Rh8 h4 46.Rh7 g4 47.Rf7+ Kg5 48.hxg4 Nd5 49.Rf5+ Kh6 50.Nf7+ Kg7
51.Rxd5 Kxf7 52.Rf5+ Ke7 53.Ne5 Nd4 54.Rf4 Ne6 55.Rc4 Rxf2 56.c7 Nxc7 57.Rxc7+ Kd6
58.Rf7  1-0

[Event "II Perla Baltyku"]
[Site "Mielno POL"]
[Date "2006.06.22"]
[Round "3"]
[White "Grabarczyk,M"]
[Black "Koziak,V"]
[Result "1-0"]
[WhiteElo "2469"]
[BlackElo "2462"]

1.d4 d5 2.c4 c6 3.Nf3 Nf6 4.Qc2 g6 5.cxd5 cxd5 6.Nc3 Nc6 7.Bf4 Bg7 8.e3 O-O
9.Bb5 Bf5 10.Qa4 Na5 11.O-O a6 12.Be2 Bg4 13.Rac1 Rc8 14.h3 Bxf3 15.Bxf3 Rc4
16.Qa3 Rc6 17.b3 e6 18.Na4 Re8 19.Nc5 Bf8 20.b4 b6 21.Nb7 Qc8 22.Nxa5 bxa5
23.Rxc6 Qxc6 24.Qxa5 Qc4 25.a3 Rc8 26.Rd1 Ne4 27.Bxe4 dxe4 28.d5 Qe2 29.Rf1 exd5
30.Qxd5 Qd3 31.Qb7 Rd8 32.a4 Bd6 33.Bxd6 Rxd6 34.b5 axb5 35.Qxb5 Rd8 36.Ra1 Qc3
37.Rb1 Ra8 38.Rd1 Kg7 39.g3 Ra5 40.Qd7 h5 41.Qd4+ Qxd4 42.Rxd4 f5 43.g4 hxg4
44.hxg4 Kf6 45.Kg2 Rc5 46.gxf5 gxf5 47.Rd1 Ke5 48.Ra1 f4 49.exf4+ Kxf4 50.a5 Rg5+
51.Kf1 Rh5 52.Ke2 Rc5 53.Ra2 Rc7 54.a6 Ra7 55.Ra5 e3 56.f3 Rc7 57.Ra4+  1-0

[Event "IM"]
[Site "Balatonlelle HUN"]
[Date "2006.06.23"]
[Round "7"]
[White "Porat,I"]
[Black "Shanmugam,R"]
[Result "1-0"]
[WhiteElo "2346"]
[BlackElo "2156"]

1.d4 d5 2.c4 c6 3.Nf3 dxc4 4.e3 b5 5.a4 e6 6.axb5 cxb5 7.b3 Bb4+ 8.Bd2 Bxd2+
9.Nbxd2 a5 10.bxc4 b4 11.Ne5 Nf6 12.Be2 O-O 13.Bf3 Ra6 14.O-O Nfd7 15.Nd3 e5
16.c5 exd4 17.exd4 Nf6 18.Nc4 Be6 19.Nd6 Bd5 20.Be2 Nc6 21.Nf4 Ra7 22.Nxd5 Nxd5
23.Bf3 Nc3 24.Qd3 Ne7 25.Qc4 Qb8 26.Ne4 Ned5 27.Nd6 Nf6 28.Rfe1 a4 29.Nf5 Re8
30.Rxe8+ Nxe8 31.Re1 Kf8 32.c6 Qb6 33.d5 g6 34.d6 Nxd6 35.Nxd6 Rc7 36.Qh4  1-0

[Event "Open A"]
[Site "Balatonlelle HUN"]
[Date "2006.06.24"]
[Round "8"]
[White "Pataki,G"]
[Black "Varga,Zo"]
[Result "0-1"]
[WhiteElo "2375"]
[BlackElo "2515"]

1.d4 d5 2.c4 dxc4 3.Nf3 c6 4.e3 b5 5.a4 e6 6.b3 Bb4+ 7.Bd2 Bxd2+ 8.Qxd2 a5
9.axb5 cxb5 10.bxc4 b4 11.Bd3 Nf6 12.Qc2 O-O 13.Nbd2 Bb7 14.O-O Nbd7 15.c5 Qc7
16.Rfc1 Bc6 17.e4 h6 18.Nc4 a4 19.Rcb1 b3 20.Qe2 Rfb8 21.Na3 Qb7 22.Nd2 Qb4
23.Ndc4 Qc3 24.Rd1 b2 25.Rab1 Qxd4 26.e5 Ne4 27.Nc2 Qd5 28.Qe1 Nxe5 29.Nxe5 Qxe5
30.Nb4 Rxb4 31.Qxb4 a3 32.Bc4 Qxc5 33.Qxc5 Nxc5 34.h3 Be4  0-1

[Event "III Open"]
[Site "Sanxenxo ESP"]
[Date "2006.06.26"]
[Round "1"]
[White "Hoffman,A"]
[Black "Espasa Gonzalez,J"]
[Result "1-0"]
[WhiteElo "2444"]
[BlackElo "1935"]

1.d4 d5 2.c4 c6 3.Nf3 Nf6 4.Qc2 g6 5.Bf4 Bf5 6.Qb3 Qc8 7.e3 Bg7 8.Nc3 e6
9.Rc1 O-O 10.Be2 Ne4 11.O-O Nxc3 12.Rxc3 Nd7 13.h3 h5 14.Nd2 e5 15.dxe5 dxc4
16.Nxc4 Be6 17.Qc2 Bxc4 18.Bxc4 Nxe5 19.Bxe5 Bxe5 20.Qxg6+ Bg7 21.e4 h4 22.Rf3 Qc7
23.Rf5  1-0

[Event "II Open"]
[Site "Sort ESP"]
[Date "2006.06.27"]
[Round "2"]
[White "Baron Rodriguez,Je"]
[Black "Buxade Roca,G"]
[Result "0-1"]
[WhiteElo "2402"]
[BlackElo "2242"]

1.d4 d5 2.c4 c6 3.Nf3 Nf6 4.Qc2 g6 5.g3 Bg7 6.Bg2 O-O 7.O-O Na6 8.Bf4 Bf5
9.Qb3 Qb6 10.Qxb6 axb6 11.Nbd2 Rfc8 12.Rac1 h6 13.h3 g5 14.Be5 e6 15.a3 Nc7
16.Rfd1 Nce8 17.g4 Bh7 18.e3 Bf8 19.Bg3 Nd6 20.Ne5 Rd8 21.f3 Nfe8 22.Bf1 b5
23.cxb5 cxb5 24.Bd3 Bxd3 25.Nxd3 Nc4 26.Kf2 Bd6 27.Nf1 Kg7 28.Ke2 Bxg3 29.Nxg3 Ned6
30.h4 Rac8 31.hxg5 hxg5 32.Rh1 Kf6 33.b3 Nxa3 34.Nb4 Rxc1 35.Rxc1 Rc8 36.Kd2 Rh8
37.Nh5+ Ke7 38.Kc3 Rc8+ 39.Kd2 Ra8 40.Kd3 Kd7 41.e4 dxe4+ 42.fxe4 f5 43.gxf5 exf5
44.e5 Ne4 45.d5 Rh8 46.Ng7 Rh3+ 47.Kd4 Rxb3 48.e6+ Kd8 49.Nd3 Nd6  0-1